000
00206 a2200097 4500
110
_a
Geospatial World Forum
245
_a
Cadastre Catalyst to Growth
260
_c
2011
490
_a
vol.2
942
_c
PERIODICAL
999
_c
2672
_d
2672